Truyền thông đại chúng : Những kiến thức cơ bản: Sách tham khảo nghiệp vụ
Đã lưu trong:
| 主要作者: | |
|---|---|
| 格式: | 图书 |
| 语言: | Undetermined |
| 出版: |
Hà Nội
Thông tấn
2003
|
| 主题: | |
| 标签: |
添加标签
没有标签, 成为第一个标记此记录!
|
| Thư viện lưu trữ: | Trung tâm Học liệu Trường Đại học Cần Thơ |
|---|
| LEADER | 00649nam a2200205Ia 4500 | ||
|---|---|---|---|
| 001 | CTU_95002 | ||
| 008 | 210402s9999 xx 000 0 und d | ||
| 020 | |c 22000 | ||
| 082 | |a 070 | ||
| 082 | |b M423 | ||
| 100 | |a Mast, Claudia | ||
| 245 | 0 | |a Truyền thông đại chúng : | |
| 245 | 0 | |b Những kiến thức cơ bản: Sách tham khảo nghiệp vụ | |
| 245 | 0 | |c Claudia Mast ; Trần Hậu Thái dịch | |
| 260 | |a Hà Nội | ||
| 260 | |b Thông tấn | ||
| 260 | |c 2003 | ||
| 650 | |a Journalism,Information resources management | ||
| 904 | |i Mai Loan | ||
| 980 | |a Trung tâm Học liệu Trường Đại học Cần Thơ | ||